000 00802nam a2200205Ii 4500
003 JO-AjNU
008 230605s9999||||xx |||||||||||||| ||und||
040 _aJO-AjNU
_bara
_erda
_cJO-AjNU
041 _aara
050 1 4 _aPJ7042.A4234 2006
100 3 _aتأليف العجمي،فالح شبيب,
_eauthor
_921114
245 0 0 _aصحف إبراهيم: جذور البراهيمية من خلال نصوص الفيدا ومقارنتها بالتطبيقات والروايات التاريخية
250 _aط1
264 3 1 _aبيروت:الدار العربية للموسوعات،2006
300 _a263ص
336 _atext
_btxt
_2rdacontent
337 _aunmediated
_bn
_2rdamedia
338 _avolume
_bnc
_2rdacarrier
650 4 _aإبراهيم عليه الصلاة والسلام
_921115
999 _aA7281
_c10849
_d10849